000 00562nam a2200193 i 4500
001 38588
003 ES-MaACL
005 20230906155801.0
007 t|
008 030226s1978 sp ||||1| spa d
100 1 _aBurney, Pierre.
_932739
245 1 3 _aEl amor /
_cPierre Burney ; [traducción de Valeria Pujol y Gala Martinoya].
250 _a[1ª ed.].
260 _aVilassar de Mar :
_bOikos-Tau,
_c[1978]
300 _a134 p. ;
_c18 cm.
700 1 _aPujol, Valeria.
_994350
700 1 _aMartinoya, Gala.
_978510
852 _aES-MaACL
_jA-9361
_bR.98359
999 _c38588
_d38588